000 00980na a2200217 4500
001 21677
003 MIRAKIL
005 20181213155136.0
008 170206b tu 000 0
040 _aMilas
_btur
_cTR-AnCHP
041 _atur
082 _a351.7223
_bİ45 2008
090 _a351.7223 İ45 2008
245 _a2008 merkezi yönetim bütçesi
260 _aAnkara
_b[yayl. y.]
_c2008
300 _a3 c.
_btbl.
_c16 sm.
504 _ac.1: (I) sayılı cetvel Genel bütçe kapsamındaki kamu idareleri ve (II) sayılı cetvel ve özel bütçeli idareler ile düzenleyici ve denetleyici kurumlar (B-özel bütçeli diğer idareler) ile (III) sayılı cetvel ve düzenleyici ve denetleyici kurumlar - c.2 : (II) sayılı cetvel Özel bütçeli İdareler (A- Yükseköğretim kurulu, Üniversiteler ve Yüksek Teknoloji Enstitüleri)
610 _aYüksekögretim Kurulu
_xKesin bütçe
_y2008
650 _aMerkezi yönetim
_xKesin bütçe
_y2008
942 _2ddc
_cBKS
999 _c7356
_d7356